Com fer conèixer l'espai lúdic i de salut per a la gent gran al vostre municipi?
Publicado:
Barcelona :
Diputació de Barcelona. Àrea d'Infraestructures, Urbanisme i Habitatge. Servei d'Equipaments i Espai Públic ,
2010
Descripción Física:
[10] p. : il. col. ; 30 cm
MARC
| LEADER | 00000nam a2200000Ia 4500 | ||
|---|---|---|---|
| 001 | 22668 | ||
| 008 | 160829s2010 xx 000 0 cat d | ||
| 080 | |a FU-57-30 | ||
| 245 | |a Com fer conèixer l'espai lúdic i de salut per a la gent gran al vostre municipi? | ||
| 260 | |a Barcelona : |b Diputació de Barcelona. Àrea d'Infraestructures, Urbanisme i Habitatge. Servei d'Equipaments i Espai Públic, |c 2010 | ||
| 300 | |a [10] p. : |b il. col. ; |c 30 cm | ||
| 650 | 0 | |a Exercici per a persones grans |x Barcelona (Província) |9 44954 | |
| 710 | |a Barcelona (Catalunya : Província). |b Servei d'Equipaments i Espai Públic |9 53769 | ||
| 901 | |a Arxiu | ||
| 942 | |n 1 | ||
| 952 | |0 0 |1 0 |4 0 |6 FU5730 |7 1 |9 52276 |a Arxiu |b Arxiu |d 2016-12-01 |l 0 |o FU-57-30 |p 22668 |r 2016-12-01 00:00:00 |w 2016-12-01 |y ARXIU | ||
| 999 | |c 56124 |d 56124 | ||